| 000 | 00460nam a2200181Ia 4500 | ||
|---|---|---|---|
| 003 | GCL | ||
| 008 | 140319s9999 xx 000 0 eng d | ||
| 040 |
_aGCL / _cGCL |
||
| 082 | 0 | 4 |
_a005.3 _bC B |
| 100 | 1 | _aCHAPMAN, DAVIS | |
| 245 | 1 | 0 |
_aBUILDING INTERNET APPLICATIONS WITH DELPHI 2 / _cCHAPMAN, DAVIS |
| 260 |
_a[S.N] : _bQUE ، _c1996 |
||
| 300 | _a624 P | ||
| 650 | 0 | 4 | _aشعر الحرب |
| 650 | 0 | 4 | _aINTERNET |
| 650 | 0 | 4 | _aDELPHI 2 |
| 942 |
_2ddc _cBK |
||
| 999 |
_c13240 _d13240 |
||